Balance preliminar de las economías de América Latina y el Caribe, 2011
Saved in:
| Institution som forfatter: | |
|---|---|
| Format: | Bog |
| Sprog: | spansk |
| Udgivet: |
Santiago
Naciones Unidas
2012
|
| Fag: | |
| Tags: |
Tilføj Tag
Ingen Tags, Vær først til at tagge denne postø!
|
MARC
| LEADER | 00000cam a2200000 a 4500 | ||
|---|---|---|---|
| 001 | UCF7982 | ||
| 003 | CL-VaPUC | ||
| 008 | 130718e20120000CL |||||||||||||||||spa|d | ||
| 020 | |a 9789212210858 | ||
| 082 | 0 | 4 | |a 330.98 |b CEP |2 21 |
| 110 | 2 | |a CEPAL |e author |9 570067 | |
| 245 | 1 | 0 | |a Balance preliminar de las economías de América Latina y el Caribe, 2011 |
| 300 | |a 98 p | ||
| 942 | |c BK | ||
| 945 | |d 20130718 00:00:00 |a cmena | ||
| 260 | |a Santiago |b Naciones Unidas |c 2012 | ||
| 500 | |a Incluye CD | ||
| 650 | 0 | |a Desarrollo económico y social |9 256320 | |
| 651 | 0 | |a América Latina |9 255027 | |
| 583 | |a last modification |c 20130718 10:54:00 |k Rodrigo Vera | ||
| 999 | |c 352687 |d 352685 | ||
| 952 | |0 0 |1 0 |4 0 |6 330_980000000000000_CEP_2012 |7 0 |8 A |9 457292 |a BIBGIM |b BIBGIM |d 2019-11-22 |i 4880994 |o 330.98 CEP 2012 |p 4880994 |r 2025-01-15 |w 2019-11-22 |y BK |k GIM | ||